000 00491nam a2200157 i 4500
001 149804
003 ES-MaACL
005 20230906203250.0
007 t|
008 071024s1961 sp ||||1| spa d
100 1 _aVázquez Soto, José María.
_9113490
245 1 0 _aHistoria y leyenda de Villamanrique /
_cJosé María Vázquez Soto.
260 _aSevilla :
_bEditorial Católica Española,
_c[1961]
300 _a116 p., 6 h. de lám. ;
_c19 cm.
852 _aES-MaACL
_jG-9640
_bR.48044
999 _c149804
_d149804